Utilisation of effluents (Record no. 50336)

MARC details
000 -LEADER
fixed length control field 00425nam a2200121Ia 4500
100 ## - MAIN ENTRY--AUTHOR NAME
Personal name Mathew J.
245 #0 - TITLE STATEMENT
Title Utilisation of effluents
260 ## - PUBLICATION, DISTRIBUTION, ETC. (IMPRINT)
Name of publisher In: Workshop Manual on Treatment of Effluent from Rubber Processing Factories, Rubber Research Institute of India, Kottayam, India, pp. 43-46
Year of publication 1988
650 ## - SUBJECT ADDED ENTRY--TOPICAL TERM
Topical Term Effluent treatment
650 ## - SUBJECT ADDED ENTRY--TOPICAL TERM
Topical Term Rubber effluent
942 ## - ADDED ENTRY ELEMENTS (KOHA)
Koha item type Bibliography STAF
Holdings
Withdrawn status Lost status Damaged status Not for loan Home library Current library Shelving location Date acquired Koha item type
      Bibliography RRII Library RRII Library Pathology 09/04/2014 Bibliography STAF